000 00886nam a2200241 i 4500
001 11003
003 ES-MaACL
005 20250808062709.0
008 890725s1995 sp |||| | spa j
020 _a84-7914-173-5
080 _a271.73(091)
100 1 _aSmet, Joaquín.
_9106822
245 1 4 _aLos Carmelitas
_b: historia de la Orden del Carmen.
_nV,
_pSupresiones y restauración (1750-1959) /
_cJoaquín Smet ; traducción y preparación de la edición española por Antonio Ruiz Molina.
260 _aMadrid :
_bLa Editorial Católica,
_c1995.
300 _aXXXVI,582 p. ;
_c20 cm.
490 1 _aBiblioteca de Autores Cristianos ;
_v553
504 _aBibliografía.
610 2 _aCarmelitas-
_vHistoria.
_92444
700 1 _aRuiz Molina, Antonio.
_9100877
830 0 0 _aBiblioteca de autores cristianos
_v553
_9178679
852 _aES-MaACL
_jJ-540
999 _c11003
_d11003